000 00702nas a2200217 4500
001 BR8203052
003 BR-BrBNA
005 20231205085203.0
007 ta
008 230509b bl.|||p| |||| 00| 00por d
040 _aBR-BrBNA
_bpor
_cBiblioteca Nacional de Agricultura
041 _a(Pt)
072 _aL73
100 1 _aMarques Junior, A. de P.
245 1 _aEimeriose: sua importancia no manejo de caprinos [coccidiose]
650 _aCAPRINO
650 _aCOCCIDIOSE
773 0 _tInforme Agropecuario - Empresa de Pesquisa Agropecuaria de Minas Gerais (Brazil)
_xISSN 0100-3364
_g(Nov 1982), v. 8(95) p. 55-57
_wBR8203052
909 _a202311
_bLúcia
_c55
_dLúcia Elande
942 _2AGRIS
_n0
_cANA
999 _c109829
_d109829